| 000 | 00772nam a22002177a 4500 | ||
|---|---|---|---|
| 999 |
_c5124 _d5124 |
||
| 003 | AR-CdUCM | ||
| 008 | 190312b ||||| |||| 00| 0 spa d | ||
| 040 |
_aMUNICIPALIDAD PROVINCIAL DEL CUSCO _cBIBLIOTECA MUNICIPAL DEL CUSCO |
||
| 082 |
_a869.62 / _bR696 |
||
| 100 |
_aRodriguez Castelo, Hernan _914691 |
||
| 245 | _aLeyendas ecuatorianas / | ||
| 260 |
_aQuito : _bAriel. |
||
| 300 |
_a189 páginas ; _c17 cm. |
||
| 500 | _aDonación familia Luis Nieto | ||
| 505 | _aContenido: Prehistoria y leyendas indígenas -- Palla y el tesoro de los Llanganatis -- Los Quitocuchos -- Posorja -- Huahua chumpi Nina chumpi... | ||
| 650 |
_aDama Tapada _915582 |
||
| 650 |
_aHistoria ecuatoriana _915583 |
||
| 650 |
_aHuayna capac _95647 |
||
| 942 |
_2ddc _cLIBROS |
||
| 945 | _adavv | ||